| Tag |
First Indicator |
Second Indicator |
Subfields |
| LEADER |
00000cam a2200000 4500 |
| 001 |
in00000040439 |
| 005 |
20151007074415.0 |
| 008 |
741003s1948 nyua 00010 eng u |
| 010 |
|
|
|a 48010505
|
| 035 |
|
|
|a (OCoLC)01029716
|
| 035 |
|
|
|9 AAF1473AM
|
| 040 |
|
|
|c HEI
|d TXA
|d UtOrBLW
|
| 049 |
|
|
|a TXAM
|c 1 [159613]
|a TXAS [knam]
|c 2
|
| 050 |
|
0 |
|a QL683
|b .P39
|
| 082 |
0 |
|
|a 598.2973
|
| 092 |
|
|
|a 598.2
|b P485b
|
| 100 |
1 |
|
|a Peterson, Roger Tory,
|d 1908-1996.
|
| 245 |
1 |
0 |
|a Birds over America /
|c illus. with 105 photos. by the author.
|
| 264 |
|
1 |
|a New York :
|b Dodd, Mead,
|c 1948.
|
| 300 |
|
|
|a xiii, 342 pages :
|b illustrations ;
|c 26 cm.
|
| 336 |
|
|
|a text
|b txt
|2 rdacontent
|
| 337 |
|
|
|a unmediated
|b n
|2 rdamedia
|
| 338 |
|
|
|a volume
|b nc
|2 rdacarrier
|
| 650 |
|
0 |
|a Birds
|z United States.
|
| 650 |
|
0 |
|a Photography of birds.
|
| 999 |
|
|
|a MARS
|
| 999 |
f |
f |
|s 0ac517ed-5f84-3dc5-a74c-17d0a48efa0f
|i 7e4c48a3-1e6f-35f0-b88b-f18f58974a8b
|t 0
|
| 952 |
f |
f |
|p ric
|a Texas A&M University
|b Rellis Campus
|c Joint Library Facility
|d Remote Storage
|t 0
|e QL683 .P39
|h Library of Congress classification
|i unmediated -- volume
|m A14801022094
|
| 952 |
f |
f |
|p noncirc
|a Texas A&M University
|b College Station
|c Cushing Memorial Library & Archives
|d Cushing: Kincaid/North America (Remote Storage: 2-3 day retrieval)
|t 0
|e QL683 .P39
|h Library of Congress classification
|i unmediated -- volume
|
| 998 |
f |
f |
|a QL683 .P39
|t 0
|l Remote Storage
|
| 998 |
f |
f |
|a QL683 .P39
|t 0
|l Cushing: Kincaid/North America (Remote Storage: 2-3 day retrieval)
|